Educación para la democracia: (Registro nro. 14250)
[ vista simple ]
| 000 -LIDER | |
|---|---|
| fixed length control field | 00913nam a2200241 a 4500 |
| 003 - IDENTIFICACDOR DE NÚMERO DE CONTROL | |
| control field | DO-SdBNP |
| 005 - DATE AND TIME OF LATEST TRANSACTION | |
| control field | 20220831082449.0 |
| 008 - ELEMENTOS DE LONGITUD FIJA | |
| fixed length control field | 180322s2002 dr 000 spa d |
| 040 ## - FUENTE DE CATALOGACIÓN | |
| Agencia que crea de manera original el registro | BPMSU |
| Idioma de catalogación | spa |
| Agencia que realiza la transcripción | BPMSU |
| 082 ## - NÚMERO DE CLASIFICACIÓN DECIMAL DE DEWEY | |
| Classification number | 321.7293 |
| Item number | E24d 2002 |
| Edition number | 22 |
| 245 #0 - MENCIÓN DE TITULO | |
| Título | Educación para la democracia: |
| Subtítulo | breve panorama de República Dominicana, (documento para reflexión) / |
| Mención de responsabilidad | Adolfino Candelario (Papito)... [y otros] |
| 260 ## - PUBLICACIÓN, DISTRIBUCIÓN, ETC. (PIE DE IMPRENTA) | |
| Lugar de publicación, distribución, etc | Santo Domingo : |
| Nombre del editor, distribuidor, etc. | Búho, |
| Fecha de publicación, distribución, etc | 2002 |
| 300 ## - DESCRIPCIÓN FÍSICA | |
| Extensión | 18 p. ; |
| Dimensiones | 24 cm. |
| 500 ## - NOTA GENERAL | |
| Nota general | Artículo de la Revista Vetas : De cultura dominicana y el Caribe año. IX.no. 60 marzo de 2002 |
| 590 ## - NOTA LOCAL | |
| Enlace | Inventariado, 2022/VM |
| 650 #4 - ENCABEZAMIENTO DE MATERIA--TEMÁTICO | |
| Término temático o nombre geográfico como elemento de entrada | Democracia |
| Subdivisión geográfica | República Dominicana |
| Subdivisión temática general | |
| Fuente del encabezamiento o término | |
| 650 #4 - ENCABEZAMIENTO DE MATERIA--TEMÁTICO | |
| Término temático o nombre geográfico como elemento de entrada | Educación para la democracia. |
| Subdivisión geográfica | |
| Subdivisión de forma | |
| 650 #4 - ENCABEZAMIENTO DE MATERIA--TEMÁTICO | |
| Término temático o nombre geográfico como elemento de entrada | Cultura política. |
| Subdivisión geográfica | |
| Subdivisión de forma | |
| 700 1# - ASIENTO SECUNDARIO -- NOMBRE PERSONAL | |
| Nombre personal | Candelario, Adolfino |
| 710 2# - ASIENTO SECUNDARIO -- NOMBRE CORPORATIVO | |
| Nombre corporativo o de jurisdicción | Revista Vetas,(República Dominicana ) |
| 910 ## - VALIDACIÓN | |
| Validación | VMateo |
| 942 ## - ADDED ENTRY ELEMENTS (KOHA) | |
| Source of classification or shelving scheme | Dewey Decimal Classification |
| Koha item type | Libros |
| Withdrawn status | Lost status | Source of classification or shelving scheme | Damaged status | Not for loan | Collection code | Home library | Current library | Date acquired | Source of acquisition | Full call number | Barcode | Date last seen | Price effective from | Koha item type |
|---|---|---|---|---|---|---|---|---|---|---|---|---|---|---|
| Dewey Decimal Classification | Colección Dominicana | Biblioteca Pública Metropolitana Salomé Ureña | Biblioteca Pública Metropolitana Salomé Ureña | 08/31/2022 | Fundación Juan Bosch | BPMSU CD 321.7293 E24d 2002 | BPMSU22080045 | 08/31/2022 | 08/31/2022 | Libros |